000 00604nam a2200241Ia 4500
003 OSt
005 20220918181047.0
006 a|||||r|||| 00| 0
007 ta
008 220917b |||||||| |||| 00| 0 eng d
024 _a25,350
037 _cTextual
040 _aARTS
_cARTS
_beng
041 _2eng
_aeng
082 _aO111,1:g, M2
100 _aRodway Allan
245 0 _aCraft of criticism
260 _aCambridge
_bCUP
_c1982
300 _ax,192p.
_ccm.
650 _aENGLISH LITERATURE
942 _hO111,1:g, M2
_cTEXL
_2CC
999 _c164240
_d164240